| 000 | 00702nam a22002297a 4500 | ||
|---|---|---|---|
| 003 | OSt | ||
| 005 | 20220107122901.0 | ||
| 008 | 211129b xxu||||| |||| 00| 0 eng d | ||
| 020 | _a9789811309557 | ||
| 040 | _cKUDSIT | ||
| 082 | _a006.4 NAI/H | ||
| 100 |
_aNait-ali, Amine _918641 |
||
| 245 |
_aHidden biometrics: _bWhen biometric security meets biomedical engineering |
||
| 260 |
_aSingapore, _bSpringer, _c2020. |
||
| 300 | _ax, 202 p. | ||
| 440 |
_aSpringer Series in in BioEngineering _918642 |
||
| 650 |
_aBIOMETRIC SECURITY _918643 |
||
| 650 |
_aBIOMEDICAL ENGINEERING _918644 |
||
| 650 |
_aBIOINFORMATICS _918645 |
||
| 650 |
_aSIGNAL, IMAGE AND SPEECH PROCESSING _918646 |
||
| 942 |
_2ddc _cBK |
||
| 999 |
_c6852 _d6852 |
||